<?xml version="1.0" encoding="UTF-8"?>
<record
    xmlns:xsi="http://www.w3.org/2001/XMLSchema-instance"
    xsi:schemaLocation="http://www.loc.gov/MARC21/slim http://www.loc.gov/standards/marcxml/schema/MARC21slim.xsd"
    xmlns="http://www.loc.gov/MARC21/slim">

  <leader>02294nam a2200349 a 4500</leader>
  <controlfield tag="001">000012336</controlfield>
  <controlfield tag="003">DO-SdBPM</controlfield>
  <controlfield tag="005">20250731125418.0</controlfield>
  <controlfield tag="007">ta</controlfield>
  <controlfield tag="008">091111t2019    dr a    r   000 0 spa d</controlfield>
  <datafield tag="020" ind1=" " ind2=" ">
    <subfield code="a">9789945906776</subfield>
  </datafield>
  <datafield tag="040" ind1=" " ind2=" ">
    <subfield code="a">DO-SdBPM</subfield>
    <subfield code="b">spa</subfield>
    <subfield code="c">BPMSU</subfield>
    <subfield code="d">rda</subfield>
  </datafield>
  <datafield tag="082" ind1=" " ind2="4">
    <subfield code="a">970.015</subfield>
    <subfield code="b">P936g 2019</subfield>
    <subfield code="2">22</subfield>
  </datafield>
  <datafield tag="100" ind1="1" ind2=" ">
    <subfield code="a">Presinary Lebr&#xF3;n, C. H.,</subfield>
    <subfield code="d">1953-</subfield>
    <subfield code="e">autor </subfield>
  </datafield>
  <datafield tag="245" ind1="1" ind2="0">
    <subfield code="a">Guardianes de la fe /</subfield>
    <subfield code="c">C. H. Presinary Lebr&#xF3;n.</subfield>
  </datafield>
  <datafield tag="264" ind1=" " ind2=" ">
    <subfield code="a">Santo Domingo :</subfield>
    <subfield code="b">Oceano Azul,</subfield>
    <subfield code="c">2019.</subfield>
  </datafield>
  <datafield tag="300" ind1=" " ind2=" ">
    <subfield code="a">150 p&#xE1;ginas :</subfield>
    <subfield code="b">ilustraciones, fotos, planos, mapas ;</subfield>
    <subfield code="c">25 cm.</subfield>
  </datafield>
  <datafield tag="336" ind1=" " ind2=" ">
    <subfield code="a">texto</subfield>
    <subfield code="b">txt</subfield>
    <subfield code="2">rdacontent</subfield>
  </datafield>
  <datafield tag="337" ind1=" " ind2=" ">
    <subfield code="a">sin mediaci&#xF3;n</subfield>
    <subfield code="b">n</subfield>
    <subfield code="2">rdamedia</subfield>
  </datafield>
  <datafield tag="338" ind1=" " ind2=" ">
    <subfield code="a">volumen</subfield>
    <subfield code="b">nc</subfield>
    <subfield code="2">rdacarrier</subfield>
  </datafield>
  <datafield tag="500" ind1=" " ind2=" ">
    <subfield code="a">Incluye datos biogr&#xE1;ficos del autor en las solapas</subfield>
  </datafield>
  <datafield tag="500" ind1=" " ind2=" ">
    <subfield code="a"> </subfield>
  </datafield>
  <datafield tag="500" ind1=" " ind2=" ">
    <subfield code="a">Incluye referencias bibliogr&#xE1;ficas y notas al pie de las p&#xE1;ginas</subfield>
  </datafield>
  <datafield tag="504" ind1=" " ind2=" ">
    <subfield code="a">Bibliograf&#xED;a : p&#xE1;ginas  147-151</subfield>
  </datafield>
  <datafield tag="505" ind1="0" ind2=" ">
    <subfield code="a">Abdera castellana y cristiana -Adra hoy: el cerro de Montecristo y tesoros arqueol&#xF3;gicos. GENESIS DE UNA EMPRESA CONQUISTADORA: --Pablo en la Hispania romana y precursor de los Siete Varones --San pablo y los Siete Varones --Los Siete Varones y la tradici&#xF3;n jacobea --Misi&#xF3;n evangelizadora de los Siete Varones. Desembarco en Adra. Documentos que recogen la tradici&#xF3;n de los siete varones. ES O NO UN NUEVO MUNDO?: --Los mapas de Piri Reis. COLON Y LOS TEMPLARIOS: --Qui&#xE9;n realmente era Col&#xF3;n? --Templarios: caballeros cruzados con una agenda secreta? --Surgimiento de los templarios --Templarios: guardianes de puertas, constructores de catedrales, marineros y alquimistas --Col&#xF3;n, un templario en Portugal --El papa Inocencio --Una estructura --Una corona a la cual acogerse --El apoyo financiero: jud&#xED;o? --Apoyo log&#xED;stico: los hermanos Pinz&#xF3;n --Col&#xF3;n en Montecristi, la Andaluc&#xED;a dominicana --Espa&#xF1;a y Portugal se reparten el mundo --la banca, genoveses y otra vez jud&#xED;os. CRONOLOG&#xCD;A DE LAS CRUZADAS EN EL ORIENTE. LOS ARABES ANTES DE LAS CRUZADAS: --Primera, segunda, tercera, cuarta, quinta sexta, s&#xE9;ptima y octava cruzadas</subfield>
  </datafield>
  <datafield tag="590" ind1=" " ind2=" ">
    <subfield code="a">Inventariado, 2025/VM</subfield>
  </datafield>
  <datafield tag="650" ind1=" " ind2="7">
    <subfield code="a"> Cruzadas</subfield>
  </datafield>
  <datafield tag="650" ind1=" " ind2="7">
    <subfield code="a">Historia medieval </subfield>
  </datafield>
  <datafield tag="651" ind1=" " ind2="7">
    <subfield code="a">Am&#xE9;rica  	</subfield>
    <subfield code="x">Descubrimiento y exploraciones</subfield>
  </datafield>
  <datafield tag="910" ind1=" " ind2=" ">
    <subfield code="a">VMateo V. Control de caldiad BPMSU</subfield>
  </datafield>
  <datafield tag="942" ind1=" " ind2=" ">
    <subfield code="2">ddc</subfield>
    <subfield code="c">BK</subfield>
  </datafield>
  <datafield tag="952" ind1=" " ind2=" ">
    <subfield code="0">0</subfield>
    <subfield code="1">0</subfield>
    <subfield code="2">ddc</subfield>
    <subfield code="7">0</subfield>
    <subfield code="8">CD</subfield>
    <subfield code="a">BPMET</subfield>
    <subfield code="b">BPMET</subfield>
    <subfield code="d">2025-07-31</subfield>
    <subfield code="l">0</subfield>
    <subfield code="o">BPMSU CD 970.015 P936g 2019</subfield>
    <subfield code="p">BPMSU25070093</subfield>
    <subfield code="r">2025-07-31</subfield>
    <subfield code="w">2025-07-31</subfield>
    <subfield code="y">BK</subfield>
  </datafield>
  <datafield tag="999" ind1=" " ind2=" ">
    <subfield code="c">15301</subfield>
    <subfield code="d">15301</subfield>
  </datafield>
</record>
